Impact of ethical supply chain management on organisational performance/ (Record no. 4279)

000 -LEADER
fixed length control field 00560nam a22001817a 4500
003 - CONTROL NUMBER IDENTIFIER
control field OSt
005 - DATE AND TIME OF LATEST TRANSACTION
control field 20210715093927.0
008 - FIXED-LENGTH DATA ELEMENTS--GENERAL INFORMATION
fixed length control field 210713b xxu||||| |||| 00| 0 eng d
050 ## - LIBRARY OF CONGRESS CALL NUMBER
Classification number RUSC HD38.5.M643 2020
100 ## - MAIN ENTRY--PERSONAL NAME
Personal name Mohammed, Abdulmalik
245 ## - TITLE STATEMENT
Title Impact of ethical supply chain management on organisational performance/
Statement of responsibility, etc Abdulmalik Mohammed, Elizabeth Kariuki, Joy Maina & Winnie Kosgei
260 ## - PUBLICATION, DISTRIBUTION, ETC. (IMPRINT)
Place of publication, distribution, etc Nairobi
Date of publication, distribution, etc 2020
300 ## - PHYSICAL DESCRIPTION
Extent ix, 39 p:
700 ## - ADDED ENTRY--PERSONAL NAME
Personal name Kariuki, Elizabeth
700 ## - ADDED ENTRY--PERSONAL NAME
Personal name Maina, Joy
700 ## - ADDED ENTRY--PERSONAL NAME
Personal name Kosgei, Winnie
942 ## - ADDED ENTRY ELEMENTS (KOHA)
Source of classification or shelving scheme
Koha item type Research Project
Holdings
Withdrawn status Lost status Source of classification or shelving scheme Damaged status Not for loan Home library Current library Shelving location Date acquired Total Checkouts Full call number Barcode Date last seen Price effective from Koha item type
          Riara University Library Riara University Library Special Collection 15/07/2021   RUSC HD38.5.M643 2020 10495/21 15/07/2021 15/07/2021 Research Project

Riara University Library,
P.O. Box 49940-00100,
Nairobi, Kenya.